| 000 | 00510nam a2200229Ia 4500 | ||
|---|---|---|---|
| 003 | IT-RoPAU | ||
| 008 | 120407s9999 xx 000 0 und d | ||
| 040 | _aIT-RoPAU | ||
| 040 | _cIT-RoPAU | ||
| 041 | _aita | ||
| 100 | _aGiorgio Papasogli | ||
| 245 | _aLe chiavi della Provvidenza. Vita di Elena Bettini | ||
| 250 | _aRoma | ||
| 260 | _aCittĂ Nuova | ||
| 260 | _c1981 | ||
| 300 | _a328 p. | ||
| 300 | _c18 cm | ||
| 490 | _v1 | ||
| 700 | _aBenedetta PapĂ sogli | ||
| 942 | _cBK | ||
| 999 |
_c32708 _d32708 |
||